Julio González

Saved in:
Bibliographic Details
Main Author: Pradel de Grandry, Marie N (Author)
Format: Book
Language:Spanish
Published: Buenos Aires Viscontea 1980
Edition:1a. ed
Series:Los Grandes Escultores, 24
Subjects:
Tags: Add Tag
No Tags, Be the first to tag this record!

MARC

LEADER 00000cam a2200000 a 4500
001 UCV9778
003 CL-VaPUC
008 930506e19800000AG |||||||||||||||||spa|d
082 0 4 |a 730.92  |b PRA  |2 21 
100 0 |a Pradel de Grandry, Marie N  |e author  |9 303797 
245 1 0 |a Julio González 
250 |a 1a. ed 
300 |a 16 p 
942 |c BK 
945 |d 19930506 00:00:00 
260 |a Buenos Aires  |b Viscontea  |c 1980 
600 0 7 |a GONZALEZ, JULIO  |2 CL-VaPUC  |9 268718 
650 7 |a ESCULTORES ESPAÑOLES  |2 CL-VaPUC  |9 268719 
583 |a last modification  |c 20140319 08:44:15  |k Rodrigo Vera 
490 0 |a Los Grandes Escultores, 24 
999 |c 215076  |d 215074 
952 |0 0  |1 0  |4 0  |6 730_920000000000000_PRA_1980  |7 0  |8 A  |9 199034  |a BIBARQ  |b BIBARQ  |d 2019-11-14  |i 2663619  |o 730.92 PRA 1980  |p 2663619  |r 2025-01-20  |w 2019-11-14  |y BK  |k ARQ 
952 |0 0  |1 0  |3 erb  |4 0  |6 730_920000000000000_PRA_1980  |7 0  |8 A  |9 199035  |a BIBART  |b BIBART  |i 504409K  |o 730.92 PRA 1980  |p 504409K  |r 2025-03-13  |w 2019-11-14  |y BK  |z Catalogado en:20140324  |k ART